000 00298nam a2200133Ia 4500
003 OSt
005 20220107122718.0
008 130620s9999 xx 000 0 und d
040 _cIIITM-K
100 _aJoy Mathews
_91058
245 _aMap viewer
650 _aWEB DEVELOPMENT
_91059
942 _2ddc
_cPR
999 _c3099
_d3099